[Event "HUN-chT2 Maroczy 0405"]
[Site "Hungary"]
[Date "2005.04.10"]
[Round "10"]
[White "Cselenyi, Balazs"]
[Black "Lipcak, Norbert"]
[Result "1-0"]
[WhiteElo "2091"]
[BlackElo "2046"]
[PlyCount "109"]
[EventDate "2004.09.26"]
[EventType "team"]
[EventRounds "11"]
[EventCountry "HUN"]
[SourceTitle "EXT 2008"]
[Source "ChessBase"]
[SourceDate "2007.11.25"]
[SourceVersion "1"]
[SourceVersionDate "2007.11.25"]
[SourceQuality "1"]
[WhiteTeam "Miskolc EMSE"]
[BlackTeam "Miskolc"]
[WhiteTeamCountry "HUN"]
[BlackTeamCountry "HUN"]

1. d4 Nf6 2. c4 d6 3. Nf3 Nbd7 4. Nc3 c6 5. e4 e5 6. Be2 Be7 7. 0-0 Qc7 8. d5 Nf8 9. Ne1 Ng6 10. Nd3 0-0 11. Be3 c5 12. a3 Bd7 13. f3 Nh5 14. Qd2 f5 15. b4 f4 16. Bf2 b6 17. Rfd1 Qd8 18. bxc5 bxc5 19. Rdb1 Bh4 20. Bf1 Qg5 21. Rb7 Bxf2+ 22. Qxf2 Bc8 23. Rb2 Ng3 24. Nb5 Nxf1 25. Qxf1 Qe7 26. Rab1 Rd8 27. Nc1 Nf8 28. Nb3 a6 29. Nc3 Qc7 30. Qe1 Bd7 31. Nd1 Rdb8 32. Qa5 Qa7 33. Nd2 Rxb2 34. Rxb2 Bc8 35. Qb6 Qd7 36. Nc3 Ra7 37. Qb8 Rb7 38. Rxb7 Bxb7 39. Nb3 Kf7 40. Na5 Bc8 41. Nc6 Ke8 42. Na7 Kd8 43. Nxc8 Qxc8 44. Qxd6+ Nd7 45. Qe6 Qb7 46. d6 Nf8 47. Qxe5 Ng6 48. Qxc5 Kd7 49. Qd4 Qb2 50. Qxg7+ Ke6 51. Qg8+ Ke5 52. Qd5+ Kf6 53. d7 Qb6+ 54. c5 Qd8 55. Qd6+ 1-0

[Event "HUN-chT2 Maroczy 0405"]
[Site "Hungary"]
[Date "2004.12.05"]
[Round "4"]
[White "Lipcak, Norbert"]
[Black "Balint, Vilmos"]
[Result "1/2-1/2"]
[WhiteElo "2046"]
[BlackElo "2274"]
[PlyCount "97"]
[EventDate "2004.09.26"]
[EventType "team"]
[EventRounds "11"]
[EventCountry "HUN"]
[SourceTitle "EXT 2008"]
[Source "ChessBase"]
[SourceDate "2007.11.25"]
[SourceVersion "1"]
[SourceVersionDate "2007.11.25"]
[SourceQuality "1"]
[WhiteTeam "Miskolc"]
[BlackTeam "Hodmezovasarhely"]
[WhiteTeamCountry "HUN"]
[BlackTeamCountry "HUN"]

1. e4 Nf6 2. e5 Nd5 3. d4 d6 4. Nf3 g6 5. exd6 cxd6 6. c4 Nb6 7. Nc3 Bg7 8. Be3 0-0 9. h3 Nc6 10. Rc1 e5 11. c5 exd4 12. Nxd4 Bxd4 13. Bxd4 Nxd4 14. Qxd4 Qe7+ 15. Be2 dxc5 16. Qf4 Be6 17. 0-0 Nd5 18. Nxd5 Bxd5 19. Rfe1 b6 20. Bf1 Qb7 21. a3 Rae8 22. Re3 Rxe3 23. Qxe3 Bc6 24. Rd1 Kg7 25. Qc3+ f6 26. Qg3 Rf7 27. Bc4 Rd7 28. Rxd7+ Bxd7 29. Qd6 Be8 30. Qd8 Bf7 31. Bxf7 Qxf7 32. Qb8 Qd7 33. Kh2 Qe7 34. g3 h5 35. h4 Qd7 36. Qf4 Qd4 37. Qc7+ Kh6 38. Kg2 c4 39. Qb8 f5 40. Qf8+ Qg7 41. Qb4 Qb7+ 42. Kg1 Qf7 43. Qd2+ Kh7 44. Kg2 Qb7+ 45. Kg1 b5 46. Qb4 Qd7 47. Kg2 a6 48. Kh2 f4 49. gxf4 1/2-1/2

[Event "SVK-chT2 0304"]
[Site "Slovakia"]
[Date "2004.??.??"]
[Round "11"]
[White "Jurcik, Marian"]
[Black "Lipcak, Norbert"]
[Result "1-0"]
[WhiteElo "2214"]
[BlackElo "2136"]
[PlyCount "142"]
[EventDate "2003.10.??"]
[EventType "team"]
[EventRounds "11"]
[EventCountry "SVK"]
[SourceTitle "EXT 2006"]
[Source "ChessBase"]
[SourceDate "2005.11.24"]
[SourceVersion "1"]
[SourceVersionDate "2005.11.24"]
[SourceQuality "1"]

1. e4 c6 2. d4 d5 3. Nd2 dxe4 4. Nxe4 Nd7 5. Nf3 Ngf6 6. Ng3 e6 7. Bc4 Be7 8. Qe2 0-0 9. Bg5 Nb6 10. Bb3 a5 11. c3 Qc7 12. Bc2 Nbd7 13. Ne5 b6 14. Ne4 Bb7 15. Nxf6+ Nxf6 16. Qd3 g6 17. Bh6 Rfd8 18. Qg3 Nh5 19. Qg4 Bd6 20. Nc4 Be7 21. Ne5 Bd6 22. Bg5 Re8 23. Nc4 Bf8 24. Be3 c5 25. dxc5 Bxc5 26. Bxc5 Qxc5 27. Ne3 Red8 28. 0-0 Qc7 29. Qh4 Rd2 30. Rad1 Rad8 31. Rxd2 Rxd2 32. Rd1 Qd6 33. Qg4 Rxd1+ 34. Qxd1 Qxd1+ 35. Bxd1 Nf4 36. Nc4 Bd5 37. Nxb6 Bxa2 38. Bc2 Bd5 39. f3 Kf8 40. Kf2 Ke7 41. g3 Nh5 42. c4 Bc6 43. c5 Bb5 44. Ke3 Nf6 45. Bd3 Bc6 46. Nc4 a4 47. Ne5 Be8 48. Kd4 Nd5 49. Be4 Nc7 50. Nc6+ Kf6 51. Kc4 h6 52. f4 g5 53. Nb8 gxf4 54. gxf4 e5 55. f5 Kg5 56. c6 Kf4 57. Kd3 Nb5 58. Na6 Nd6 59. Nc7 Bxc6 60. Bxc6 e4+ 61. Ke2 Nxf5 62. Bxa4 Nd4+ 63. Kf1 Ke3 64. Nd5+ Kd2 65. Be8 e3 66. Nxe3 Kxe3 67. Bxf7 Kd3 68. Kf2 Kc2 69. Ke3 Nc6 70. Bg6+ Kxb2 71. Ke4 Kc3 1-0

[Event "SVK-chT2 0304"]
[Site "Slovakia"]
[Date "2004.??.??"]
[Round "10"]
[White "Lipcak, Norbert"]
[Black "Bakalar, Jan"]
[Result "0-1"]
[WhiteElo "2136"]
[BlackElo "2093"]
[PlyCount "117"]
[EventDate "2003.10.??"]
[EventType "team"]
[EventRounds "11"]
[EventCountry "SVK"]
[SourceTitle "EXT 2006"]
[Source "ChessBase"]
[SourceDate "2005.11.24"]
[SourceVersion "1"]
[SourceVersionDate "2005.11.24"]
[SourceQuality "1"]

1. d4 c5 2. d5 e5 3. e4 d6 4. Nc3 Ne7 5. Bg5 Qb6 6. Qd2 h6 7. Be3 a6 8. 0-0-0 Qa5 9. f4 exf4 10. Bxf4 Ng6 11. Bg3 b5 12. a3 Be7 13. Nf3 0-0 14. Kb1 Nd7 15. h4 f6 16. h5 Nge5 17. Nh4 Nb6 18. Ng6 Re8 19. Bf4 Nf7 20. Qe1 Nd7 21. Qg3 Nde5 22. Re1 Rb8 23. Re3 Bd7 24. Qe1 Bd8 25. Rg3 b4 26. Na2 b3 27. Qc1 bxa2+ 28. Kxa2 Ng5 29. Nxe5 dxe5 30. Bd2 Qc7 31. Qe1 Bb5 32. c4 Bd7 33. Bd3 Qb7 34. Bc3 Qb3+ 35. Ka1 Ba5 36. Qc1 Bxc3 37. bxc3 Qa4 38. Re3 Rb3 39. Ka2 Rb7 40. g3 Reb8 41. Rh2 Qa5 42. Bc2 Nf7 43. Rf3 Rb2+ 44. Qxb2 Rxb2+ 45. Kxb2 Nd6 46. Bd3 Ba4 47. Ka2 Qxc3 48. Rb2 Nxc4 49. Bxc4 Qxc4+ 50. Ka1 Qxe4 51. Rf1 Qxd5 52. g4 c4 53. g5 hxg5 54. h6 Bb3 55. a4 c3 56. Rbf2 Qd4 57. h7+ Kxh7 58. Rh1+ Kg6 59. Kb1 0-1

[Event "SVK-Cup13 fin email"]
[Site "Slovakia"]
[Date "2004.??.??"]
[Round "81"]
[White "Lipcak, Norbert"]
[Black "Matusek, Jan"]
[Result "0-1"]
[WhiteElo "2174"]
[BlackElo "2134"]
[PlyCount "32"]
[EventDate "2003.??.??"]
[EventType "tourn (corr)"]
[EventRounds "14"]
[EventCountry "SVK"]
[SourceTitle "Corr 2006"]
[Source "ChessBase"]
[SourceDate "2006.04.01"]
[SourceVersion "3"]
[SourceVersionDate "2006.04.01"]
[SourceQuality "1"]

1. e4 c5 2. Nf3 d6 3. d4 cxd4 4. Nxd4 Nf6 5. Nc3 a6 6. Be3 e6 7. f3 Be7 8. Qd2 0-0 9. g4 b5 10. 0-0-0 Bb7 11. h4 Nfd7 12. a3 Qc7 13. h5 Ne5 14. g5 Nbd7 15. g6 hxg6 16. hxg6 Nf6 0-1

[Event "SVK-Cup13 fin email"]
[Site "Slovakia"]
[Date "2003.10.01"]
[Round "?"]
[White "Cacko, Jozef"]
[Black "Lipcak, Norbert"]
[Result "1-0"]
[WhiteElo "2278"]
[BlackElo "2174"]
[PlyCount "49"]
[EventDate "2003.??.??"]
[EventType "tourn (corr)"]
[EventRounds "14"]
[EventCountry "SVK"]
[SourceTitle "Corr 2006"]
[Source "ChessBase"]
[SourceDate "2006.04.01"]
[SourceVersion "3"]
[SourceVersionDate "2006.04.01"]
[SourceQuality "1"]

1. e4 c6 2. d4 d5 3. Nc3 dxe4 4. Nxe4 Nd7 5. Nf3 Ngf6 6. Ng3 e6 7. Bd3 c5 8. 0-0 Be7 9. Re1 0-0 10. c3 b6 11. Qe2 Qc7 12. Ne5 Bb7 13. Bf4 Nd5 14. Bd2 cxd4 15. cxd4 Rad8 16. Nxd7 Qxd7 17. a3 Nf6 18. Bc3 Rfe8 19. Rac1 Rc8 20. f3 Nd5 21. Bb5 Bc6 22. Bxc6 Rxc6 23. Bd2 Rec8 24. Qd3 Bh4 25. Rxc6 1-0

[Event "SVK-Cup13 G4 corr"]
[Site "Slovakia"]
[Date "2003.05.16"]
[Round "35"]
[White "Nagy, Peter"]
[Black "Lipcak, Norbert"]
[Result "0-1"]
[WhiteElo "1826"]
[BlackElo "1659"]
[PlyCount "84"]
[EventDate "2002.02.01"]
[EventType "tourn (corr)"]
[EventRounds "12"]
[EventCountry "SVK"]
[SourceTitle "Corr 2006"]
[Source "ChessBase"]
[SourceDate "2006.04.01"]
[SourceVersion "3"]
[SourceVersionDate "2006.04.01"]
[SourceQuality "1"]

1. e4 c6 2. d4 d5 3. Nc3 dxe4 4. Nxe4 Nd7 5. Bc4 Ngf6 6. Nxf6+ Nxf6 7. Nf3 Bf5 8. Ne5 e6 9. Bb3 Bd6 10. 0-0 0-0 11. Re1 Qc7 12. Bg5 Ne4 13. Bf4 c5 14. c3 g5 15. Bc1 cxd4 16. cxd4 h6 17. Qe2 Rfd8 18. h4 gxh4 19. Bf4 Qe7 20. Bc2 Bxe5 21. Bxe5 Nd6 22. Bxd6 Qxd6 23. Bxf5 exf5 24. Rad1 Rd7 25. d5 Rad8 26. Qc4 Qf6 27. Rd4 Qg5 28. Kh1 Rd6 29. f4 Qg3 30. Re2 Kh7 31. Rd3 Rc8 32. Qxc8 Qxd3 33. Qe8 Qxd5 34. Rd2 Qe6 35. Qxe6 Rxe6 36. Kh2 Kg6 37. b4 Ra6 38. b5 Ra5 39. Rd6+ Kh5 40. b6 Rxa2 41. Rf6 Kg4 42. bxa7 Rxa7 0-1

[Event "SVK-Cup13 G4 corr"]
[Site "Slovakia"]
[Date "2003.04.30"]
[Round "42"]
[White "Lipcak, Norbert"]
[Black "Simoncic, Ladislav"]
[Result "1-0"]
[WhiteElo "1659"]
[BlackElo "1708"]
[PlyCount "43"]
[EventDate "2002.02.01"]
[EventType "tourn (corr)"]
[EventRounds "12"]
[EventCountry "SVK"]
[SourceTitle "Corr 2006"]
[Source "ChessBase"]
[SourceDate "2006.04.01"]
[SourceVersion "3"]
[SourceVersionDate "2006.04.01"]
[SourceQuality "1"]

1. e4 e5 2. Nf3 Nc6 3. Bb5 a6 4. Ba4 Nf6 5. 0-0 Be7 6. Re1 b5 7. Bb3 0-0 8. c3 d5 9. exd5 Nxd5 10. Nxe5 Nxe5 11. Rxe5 c6 12. d4 Bd6 13. Re1 Qh4 14. g3 Qh3 15. Re4 Bb7 16. Rh4 Qf5 17. Bc2 Qf6 18. Bxh7+ Kh8 19. Qh5 Nf4 20. gxf4 Qh6 21. Qg4 Rae8 22. Be3 1-0

[Event "SVK-Cup13 G4 corr"]
[Site "Slovakia"]
[Date "2003.04.30"]
[Round "21"]
[White "Nalepovic, Jozef"]
[Black "Lipcak, Norbert"]
[Result "0-1"]
[WhiteElo "2080"]
[BlackElo "1659"]
[PlyCount "84"]
[EventDate "2002.02.01"]
[EventType "tourn (corr)"]
[EventRounds "12"]
[EventCountry "SVK"]
[SourceTitle "Corr 2006"]
[Source "ChessBase"]
[SourceDate "2006.04.01"]
[SourceVersion "3"]
[SourceVersionDate "2006.04.01"]
[SourceQuality "1"]

1. e4 c6 2. d4 d5 3. exd5 cxd5 4. c4 Nf6 5. Nc3 e6 6. Nf3 Bb4 7. cxd5 Nxd5 8. Bd2 Nc6 9. Bc4 Nf6 10. Bg5 Be7 11. 0-0 0-0 12. Re1 a6 13. Rc1 b5 14. Bb3 Bb7 15. Qd2 Na5 16. Bd1 Nc4 17. Qc2 Rc8 18. b3 Nd6 19. Bxf6 Bxf6 20. Qd3 Nf5 21. Be2 Nxd4 22. Nxd4 Qxd4 23. Qxd4 Bxd4 24. Nb1 b4 25. Rxc8 Rxc8 26. Rd1 Bf6 27. Bc4 Be4 28. Bxa6 Ra8 29. Bc4 Rxa2 30. Nd2 Bc2 31. Rc1 Kf8 32. Nf1 Rb2 33. Ng3 Bxb3 34. Bxb3 Rxb3 35. Ne4 Rb2 36. Nxf6 gxf6 37. g3 b3 38. Rc3 Rb1+ 39. Kg2 b2 40. Rb3 Ke7 41. Kf3 f5 42. h4 e5 0-1

[Event "SVK-Cup13 G4 corr"]
[Site "Slovakia"]
[Date "2003.01.20"]
[Round "36"]
[White "Lipcak, Norbert"]
[Black "Nagy, Peter"]
[Result "1/2-1/2"]
[WhiteElo "1659"]
[BlackElo "1826"]
[PlyCount "64"]
[EventDate "2002.02.01"]
[EventType "tourn (corr)"]
[EventRounds "12"]
[EventCountry "SVK"]
[SourceTitle "Corr 2006"]
[Source "ChessBase"]
[SourceDate "2006.04.01"]
[SourceVersion "3"]
[SourceVersionDate "2006.04.01"]
[SourceQuality "1"]

1. e4 c5 2. Nf3 Nc6 3. d4 cxd4 4. Nxd4 e5 5. Nb5 a6 6. Nd6+ Bxd6 7. Qxd6 Qf6 8. Qd1 Qg6 9. Nc3 d5 10. Nxd5 Qxe4+ 11. Be3 Nd4 12. Nc7+ Ke7 13. Rc1 Bg4 14. Qd3 Qxd3 15. Bxd3 Rd8 16. h3 Bd7 17. c3 Ne6 18. Nd5+ Kd6 19. Bc4 Ne7 20. Rd1 Ba4 21. b3 Bc6 22. Nb4+ Kc7 23. 0-0 Bb5 24. Bxb5 axb5 25. g3 f5 26. h4 Rxd1 27. Rxd1 Rd8 28. Rxd8 Kxd8 29. f3 Kd7 30. g4 Kd6 31. Kf2 g6 32. Ke2 Nc6 1/2-1/2

[Event "SVK-chT2 0304"]
[Site "Slovakia"]
[Date "2003.??.??"]
[Round "4"]
[White "Lipcak, Norbert"]
[Black "Dusik, Tomas"]
[Result "0-1"]
[WhiteElo "2136"]
[BlackElo "2154"]
[PlyCount "88"]
[EventDate "2003.10.??"]
[EventType "team"]
[EventRounds "11"]
[EventCountry "SVK"]
[SourceTitle "EXT 2006"]
[Source "ChessBase"]
[SourceDate "2005.11.24"]
[SourceVersion "1"]
[SourceVersionDate "2005.11.24"]
[SourceQuality "1"]

1. e4 c5 2. Nf3 d6 3. d4 cxd4 4. Nxd4 Nf6 5. Nc3 Nc6 6. Be2 e5 7. Nb3 Be7 8. Be3 a5 9. a4 Be6 10. Bf3 0-0 11. 0-0 Nb4 12. Re1 Rc8 13. Rc1 b6 14. h3 Kh8 15. Qd2 Nd7 16. g4 Bxb3 17. cxb3 Nc5 18. Bxc5 bxc5 19. Rcd1 Nc6 20. Nb5 Rb8 21. Qd5 Qb6 22. Be2 Rbd8 23. Kg2 g6 24. Rf1 Bg5 25. Rh1 Kg7 26. h4 Bf4 27. Rh3 h6 28. Bf1 f5 29. exf5 gxf5 30. gxf5 Ne7 31. Qc4 Nxf5 32. Qe2 Rf6 33. Kh1 Rg6 34. Bg2 Kh8 35. Be4 Rf6 36. Rg1 d5 37. Bxf5 Rxf5 38. Qg4 Qf6 39. h5 Rg5 40. Qf3 e4 41. Qe2 Qf5 42. Rh4 Rxg1+ 43. Kxg1 Rg8+ 44. Kf1 Qg5 0-1

[Event "SVK-Cup13 G7 corr"]
[Site "Slovakia"]
[Date "2002.02.13"]
[Round "?"]
[White "Lipcak, Norbert"]
[Black "Kuchyna, Stanislav"]
[Result "1/2-1/2"]
[WhiteElo "1659"]
[BlackElo "2214"]
[PlyCount "62"]
[EventDate "2002.02.01"]
[EventType "tourn (corr)"]
[EventRounds "12"]
[EventCountry "SVK"]
[SourceTitle "Corr 2006"]
[Source "ChessBase"]
[SourceDate "2006.04.01"]
[SourceVersion "3"]
[SourceVersionDate "2006.04.01"]
[SourceQuality "1"]

1. e4 e6 2. d4 d5 3. Nd2 Nf6 4. e5 Nfd7 5. Bd3 c5 6. c3 Nc6 7. Ne2 cxd4 8. cxd4 f6 9. exf6 Nxf6 10. 0-0 Bd6 11. Nf3 0-0 12. Bg5 Bd7 13. Re1 Qc7 14. Bh4 e5 15. dxe5 Nxe5 16. Nxe5 Bxe5 17. Bg3 Bxg3 18. Nxg3 Ng4 19. Bb5 Bxb5 20. Qxg4 Rae8 21. Qd4 Qc4 22. Qxc4 dxc4 23. Ne4 Bc6 24. Nd6 Rxe1+ 25. Rxe1 b5 26. f3 Rd8 27. Nf5 Kf7 28. Kf2 Kf6 29. Ne3 Rd2+ 30. Re2 Rxe2+ 31. Kxe2 Ke5 1/2-1/2

[Event "SVK-Cup13 G7 corr"]
[Site "Slovakia"]
[Date "2002.02.06"]
[Round "?"]
[White "Kuchyna, Stanislav"]
[Black "Lipcak, Norbert"]
[Result "1/2-1/2"]
[WhiteElo "2214"]
[BlackElo "1659"]
[PlyCount "63"]
[EventDate "2002.02.01"]
[EventType "tourn (corr)"]
[EventRounds "12"]
[EventCountry "SVK"]
[SourceTitle "Corr 2006"]
[Source "ChessBase"]
[SourceDate "2006.04.01"]
[SourceVersion "3"]
[SourceVersionDate "2006.04.01"]
[SourceQuality "1"]

1. e4 c6 2. d4 d5 3. Nc3 dxe4 4. Nxe4 Nd7 5. Nf3 Ngf6 6. Ng3 e6 7. Bd3 c5 8. 0-0 Be7 9. Qe2 0-0 10. c3 b6 11. Rd1 Bb7 12. Bg5 Qc7 13. dxc5 Nxc5 14. Bc2 Rad8 15. Rd4 Ba6 16. c4 Rxd4 17. Nxd4 Rd8 18. Rd1 h6 19. Be3 Bd6 20. Nb5 Bxb5 21. cxb5 Ncd7 22. Bd4 Nd5 23. Bb3 N7f6 24. Re1 e5 25. Be3 Nxe3 26. Qxe3 Bc5 27. Qe2 Qd7 28. Rd1 Bd4 29. h3 g6 30. a4 Nd5 31. Ne4 Kg7 32. Bxd5 1/2-1/2

[Event "Zuzmara op"]
[Site "Josvafo"]
[Date "2001.03.09"]
[Round "4"]
[White "Lipcak, Norbert"]
[Black "Beszterczey, Laszlo"]
[Result "0-1"]
[WhiteElo "2162"]
[BlackElo "2072"]
[PlyCount "92"]
[EventDate "2001.03.07"]
[EventType "swiss"]
[EventRounds "7"]
[EventCountry "HUN"]
[SourceTitle "EXT 2004"]
[Source "ChessBase"]
[SourceDate "2003.11.25"]
[SourceVersion "1"]
[SourceVersionDate "2003.11.25"]
[SourceQuality "1"]

1. b3 g6 2. Bb2 Nf6 3. e3 Bg7 4. Nf3 d6 5. d4 0-0 6. Bd3 Nc6 7. a3 e5 8. Be2 Bd7 9. 0-0 Re8 10. c4 e4 11. Nfd2 h5 12. Nc3 Bf5 13. Qb1 Nxd4 14. exd4 e3 15. Bd3 Bxd3 16. Qxd3 exd2 17. Qxd2 d5 18. f3 c6 19. Qd3 Qd7 20. Kf2 dxc4 21. bxc4 Ng4+ 22. Kg1 Qxd4+ 23. Qxd4 Bxd4+ 24. Kh1 Nf2+ 25. Rxf2 Bxf2 26. Ne4 Bh4 27. g3 f5 28. Nd6 Re2 29. Bd4 Rd8 30. gxh4 Rxd6 31. Bxa7 Rde6 32. Bb8 Re1+ 33. Rxe1 Rxe1+ 34. Kg2 Rc1 35. Kg3 Rxc4 36. h3 Kf7 37. Be5 b5 38. Kf2 Ke6 39. f4 Kd5 40. Kf3 Rc2 41. Bf6 Ra2 42. Be7 c5 43. Ke3 Rxa3+ 44. Kd2 Rxh3 45. Bf6 Ke4 46. Be7 c4 0-1